00577cam a2200181Ia 4500020001700000040000800017082002600025100002300051245014200074250001200216260004300228300002600271500001900297650001200316650001200328650003700340700001800377 a0060158883 : cCNB a616 HAR 1989 A044 Or.10aRandolph, Theron G13aAn alternative approach to allergies :bthe new field of clinical ecology unravels the environmental causes of mental and physical ills / aRev. ed0 aNew York, N.Y. :bHarper & Row,cc1989 aviii, 337 p. ;c25 cm aIncludes index 0aAllergy 0aAllergy 0aEnvironmentally induced diseases10aMoss, Ralph W